| 000 | 01471nam a2200373Ia 4500 | ||
|---|---|---|---|
| 001 | ebr10404984 | ||
| 003 | CaPaEBR | ||
| 006 | m u | ||
| 007 | cr cn||||||||| | ||
| 008 | 090811s2010 enkaf sb 001 0 eng d | ||
| 020 | _z9781408125007 (hbk.) | ||
| 020 | _z1408125005 (hbk.) | ||
| 040 |
_aCaPaEBR _cCaPaEBR |
||
| 035 | _a(OCoLC)659739245 | ||
| 050 | 1 | 4 |
_aQL672.73.G7 _bP37 2010eb |
| 082 | 0 | 4 |
_a598.0941 _222 |
| 100 | 1 | _aParkin, David T. | |
| 245 | 1 | 4 |
_aThe status of birds in Britain and Ireland _h[electronic resource] / _cDavid T. Parkin and Alan G. Knox. |
| 260 |
_aLondon : _bChristopher Helm, _c2010. |
||
| 300 |
_a440 p., [32] p. of plates : _bcol. ill. |
||
| 490 | 0 | _aHelm county avifauna | |
| 504 | _aIncludes bibliographical references and index. | ||
| 533 |
_aElectronic reproduction. _bPalo Alto, Calif. : _cebrary, _d2010. _nAvailable via World Wide Web. _nAccess may be limited to ebrary affiliated libraries. |
||
| 650 | 0 |
_aBirds _zGreat Britain. |
|
| 650 | 0 |
_aBirds _zIreland. |
|
| 650 | 0 |
_aBirds _zGreat Britain _xGeographical distribution. |
|
| 650 | 0 |
_aBirds _zIreland _xGeographical distribution. |
|
| 650 | 0 |
_aBird populations _zGreat Britain. |
|
| 650 | 0 |
_aBird populations _zIreland. |
|
| 655 | 7 |
_aElectronic books. _2local |
|
| 700 | 1 |
_aKnox, A. G. _q(Alan G.) |
|
| 710 | 2 | _aebrary, Inc. | |
| 856 | 4 | 0 |
_uhttp://site.ebrary.com/lib/rucke/Doc?id=10404984 _zAn electronic book accessible through the World Wide Web; click to view |
| 999 |
_c82105 _d82105 |
||